| 000 | 00627nam a22001937a 4500 | ||
|---|---|---|---|
| 003 | 0 | ||
| 005 | 20230911132346.0 | ||
| 008 | 230811b xxu||||| |||| 00| 0 eng d | ||
| 020 | _a978-1-119-28470-3 | ||
| 050 |
_aHD 30.28 _b.H47 2018 |
||
| 100 | _aHermans, Leon M. | ||
| 245 |
_aActor and strategy models : practical applications and step-wise approaches _cLeon M. Hermans |
||
| 260 |
_aHoboken, New Jersey _bJohn Wiley & Sons _cc2018. |
||
| 300 |
_a373 p. : _bill. ; _c24 cm. |
||
| 504 | _aIncludes index. | ||
| 600 | _aCunningham, Scott W. | ||
| 650 | _aBusiness planning -- Mathematical models. | ||
| 942 |
_2lcc _cBK |
||
| 999 |
_c365129 _d365129 |
||